00430nam a2200157Ia 4500003000400000005001700004008004100021050002500062100001700087245008800104260003500192300002400227440000600251521000700257526000800264OSt20140311163112.0140130s9999 xx 000 0 und d aPZ 7b.W84737Li 1994 aWood, Audrey aThe little mouse, the red ripe strawberry, and the big hungry bear /cWood, Audrey. bScholastic,c1994.aNew York : bcol. ill. ;c24 cm. v1 aG3 c510